Statistics for Planets & Stars in the Solar System (with an SVG image)

Click here to take the quiz!

General Stats

  • This quiz has been taken 290 times
  • The average score is 9 of 9

Answer Stats

Celestial Object % Correct
Earth
99%
Jupiter
98%
Saturn
98%
Mars
98%
Venus
98%
Sun
97%
Uranus
97%
Mercury
95%
Neptune
94%

Score Distribution

Percentile by Number Answered

Percent of People with Each Score

Your Score History

You have not taken this quiz